000 00565nam a2200193Ia 4500
003 GCL
008 140319s9999 xx 000 0 ara d
040 _aGCL /
_cGCL
082 0 4 _a361.4
_bل خ
100 1 _aرمزى يسى
245 1 0 _aخدمة الجماعة عملية مساعدة /
_cرمزى يسى
700 1 _aحسن الساعاتى
700 1 _aلونوبكا، جزيلا
300 _a325 ص
490 _aالالف كتاب
_v0
650 0 4 _aالخدمة الاجتماعية
650 0 4 _aالتكيف الاجتماعى
942 _2ddc
_cBK
999 _c44317
_d44317